000 00615nam a2200205 u 4500
005 20230623063610.0
008 150601m19852001mx r 000 0 spa d
020 _a9684940173
035 _aUPN01000203967
049 _aI
050 4 _aPQ7298.16 R3.2
_bA9.4
100 1 _aFraire, Isabel,
_d1934-2015
_937672
245 1 4 _aUna aventura inesperada /
_cIsabel Fraire ; il. Felipe de la Fuente.
260 _aMéxico :
_bCIDCLI,
_c1985 (2001 impr.).
300 _a34 p. :
_bil. col.
440 0 _aReloj de cuentos ;
_v9
650 4 _aCuentos infantiles mexicanos
_97723
905 _aInfantil
999 _c176068
_d176068